000 00463nam a2200181Ia 4500
001 7907
005 20260306160530.0
008 260306t2011||||xx |||||||||||||| ||spa||
041 _aESP
082 _a363.73
_bO71 2008
100 _aOrozco Barrenetxea, Carmen
_eAUT
245 0 _aContaminación ambiental:
_buna visión desde la química
260 _c2011
300 _a682 páginas :
_c24 cm.
650 _aGEN
654 _aCIA
942 _cLIB
_dJUS
_fJUS
_2ddc
_n
999 _c7907
_d7907